000
00223nam a22001097a 4500
040
_c
SK
082
_a
658
100
_a
សុក គន្ធី
245
_a
Project management
260
_a
NA
_b
សុក
_c
NA
942
_c
EK
999
_c
9935
_d
9935